000 00278 a2200121 4500
000 nam a22 7a 4500
005 20260207133113.0
020 _a9789390702282
100 _aRajesh Singh
_91114353
245 _aNath Sampradaya
260 _bKitabwale
_c2023
942 _cTEXL
999 _c1678897
_d1678897